Quiz sur la Lorraine - Statistiques

Statistiques générales
  • Ce quiz a été pris 707 fois
    89 depuis la dernière actualisation
  • Le résultat moyen est 16 sur 20
Statistiques - réponses
% Correct
Pays frontaliers Allemagne
97%
Pays frontaliers Belgique
97%
Pays frontaliers Luxembourg
97%
Ancienne préfecture de région et plus grande ville Metz
97%
Départements Moselle
96%
région dans laquelle elle a été absorbée en 2016 Grand-Est
94%
Départements Meurthe-et-Moselle
94%
Grande place de Nancy, nommée d'après un roi Polonais Place Stanislas
93%
Départements Vosges
93%
Départements Meuse
92%
Icone Française, née en Lorraine et brulée à Rouen Jeanne d'Arc
89%
Fruit dont la Lorraine produit 80% de la production mondiale La Mirabelle
89%
Ville également sous-préfecture, dont le nom est indissociable d'une plus grandes batailles de la grande guerre Verdun
89%
Saint-Patron de la Lorraine. Il gratifie chaque année les enfants sages de friandises Saint-Nicolas
88%
Ballon d'or né à Joef, en Lorraine Michel Platini
69%
Ville préfecture célèbre pour son imagerie Épinal
67%
Roche massivement exploitée du début de l'ère industrielle jusqu'au début du XXI siècle Le Charbon
63%
Guerre lors de laquelle la Lorraine perd un de ses départements au profit de L'Allemagne Guerre de 1870
54%
Commune du même département où Louis XVI et sa famille ont été arrêtés Varennes-en-Argonne
39%
Roi des Francs, qui a donné son nom à la Lorraine Lothaire II
36%
Aucun quiz correspondant
Distribution des résultats
% des personnes avec chaque résultat
Percentile par nombre de réponses
Votre historique - résultats
Vous n’avez pas pris ce quiz depuis la dernière actualisation